Paříž.

Uložené v:
Podrobná bibliografia
Hlavní autori: Petro, J. (Author), Varejka, P. (Author)
Médium: Kniha
Jazyk:Czech
Vydané: 1992
Tagy: Pridať tag
Žiadne tagy, Buďte prvý kto otaguje tento záznam!

MARC

LEADER 00000nam a2200000 a 4500
001 000241908
005 00000000000000.0
008 040101s1992 e czeo
041 0 |a cze 
100 1 |a Petro, J.  |4 aut 
245 1 0 |a Paříž. 
260 |c 1992 
500 |a Záznam neprešiel kontrolou 
700 1 |a Varejka, P.  |4 aut 
910 |a svkkk 
998 |a BK 
090 |g SCKHL  |k Sklad Pribinova 2. posch.  |a II.351942  |j 855624  |i 2720220216  |s Povinný výt.